| 000 | 00425nam a2200157Ia 4500 | ||
|---|---|---|---|
| 008 | 210210b1982 xxu||||| |||| 00| 0 eng d | ||
| 082 | _a530 KOSH | ||
| 100 | _aKOSHKIN (N I) & SHIRKEVICH (M G). | ||
| 245 | _aHandbook of elementary physics. tr by G Leib. Ed.4 | ||
| 250 | _a | ||
| 260 |
_aMoscow _bMir Publishers _c1982 |
||
| 300 | _a320 | ||
| 650 | _aHandbook elementary physics | ||
| 690 | _aPhysics | ||
| 906 | _aSG01962 | ||
| 999 |
_c113326 _d113326 |
||